[Event "Corporation Cup 2014"]
[Site "Izhevsk RUS"]
[Date "2014.07.20"]
[Round "8.2"]
[White "Sjugirov, Sanan"]
[Black "Goganov, Aleksey"]
[Result "1/2-1/2"]
[WhiteTitle "GM"]
[BlackTitle "GM"]
[WhiteElo "2643"]
[BlackElo "2590"]
[WhiteFideId "4189302"]
[BlackFideId "24109959"]
[EventDate "2014.07.12"]

1. Nf3 Nf6 2. c4 g6 3. Nc3 Bg7 4. e4 d6 5. d4 O-O 6. Be2 e5 7. O-O Nc6 8. d5 Ne7
9. Qc2 a5 10. a3 Ne8 11. Bd2 f5 12. Rac1 Kh8 13. Rfd1 Nf6 14. Ng5 h6 15. Ne6
Bxe6 16. dxe6 c6 17. Be3 Nxe4 18. Nxe4 fxe4 19. Bc5 Nf5 20. Bxd6 Nxd6 21. c5 Qf6
22. cxd6 Qxe6 23. Qxe4 Rad8 24. Bg4 Qf6 25. Bf3 Rxd6 26. Rxd6 Qxd6 27. Rd1 Qf6
28. h4 h5 29. Rd7 Rf7 30. Rxf7 Qxf7 31. b4 axb4 32. axb4 Bf6 33. g3 Kg7 34. b5
cxb5 35. Qxb7 Qxb7 36. Bxb7 Bd8 37. Bd5 Bb6 38. Kg2 Kf6 39. f3 b4 40. Kf1 Bd4 1/2-1/2

[Event "Corporation Cup 2014"]
[Site "Izhevsk RUS"]
[Date "2014.07.20"]
[Round "8.3"]
[White "Zakhartsov, Viacheslav V."]
[Black "Artemiev, Vladislav"]
[Result "1/2-1/2"]
[WhiteTitle "GM"]
[BlackTitle "GM"]
[WhiteElo "2544"]
[BlackElo "2652"]
[WhiteFideId "4115333"]
[BlackFideId "24101605"]
[EventDate "2014.07.12"]

1. Nf3 g6 2. e4 Bg7 3. d4 d6 4. c4 Bg4 5. Be2 Nc6 6. Be3 e5 7. d5 Bxf3 8. Bxf3
Nd4 9. Bxd4 exd4 10. Nd2 c5 11. Be2 Nf6 12. O-O O-O 13. Qc2 Re8 14. Rae1 h5 15.
f4 a6 16. Bf3 Qc7 17. g3 Re7 18. Re2 Rae8 19. Rfe1 b5 20. Qd3 Qb8 21. Kg2 Nd7
22. h4 Bh6 23. Kh2 Qb6 24. a3 Rb8 25. Bg2 Qc7 26. Bh3 Nb6 27. b3 bxc4 28. bxc4
Na4 29. e5 Nc3 30. exd6 Rxe2+ 31. Rxe2 Qxd6 32. Ne4 Nxe4 33. Rxe4 Qf6 34. Re2
Bf8 35. Bd7 Kg7 36. Bc6 Bd6 37. Kg2 Qd8 38. Ba4 Qc8 39. Bc2 Qg4 40. Bd1 Qd7 41.
Bc2 Qg4 42. Bd1 Qd7 1/2-1/2

[Event "Corporation Cup 2014"]
[Site "Izhevsk RUS"]
[Date "2014.07.20"]
[Round "8.4"]
[White "Kryakvin, Dmitry"]
[Black "Ulko, Jaroslav"]
[Result "1/2-1/2"]
[WhiteTitle "GM"]
[BlackTitle "IM"]
[WhiteElo "2579"]
[BlackElo "2461"]
[WhiteFideId "4153278"]
[BlackFideId "4116658"]
[EventDate "2014.07.12"]

1. d4 Nf6 2. c4 g6 3. Nc3 Bg7 4. e4 d6 5. f3 O-O 6. Be3 e5 7. d5 c6 8. Qd2 cxd5
9. cxd5 Nbd7 10. Bd3 Nc5 11. Bc2 a5 12. Nge2 Bd7 13. O-O b6 14. Rab1 Nh5 15. g4
Nf6 16. Ng3 b5 17. Nce2 b4 18. Kh1 Qb8 19. Nc1 Rc8 20. Rg1 Kh8 21. Nb3 Nxb3 22.
axb3 Ne8 23. Bd3 Nc7 24. Rbc1 Nb5 25. Rxc8+ Qxc8 26. Bxb5 Bxb5 27. Rc1 Qb7 28.
Kg2 Kg8 29. h4 Bf8 30. h5 Rc8 31. Rxc8 Qxc8 32. Bb6 Qa6 33. Bd8 Qa8 34. Bf6 h6
35. g5 Kh7 36. f4 exf4 37. Qxf4 hxg5 38. Bxg5 Qe8 39. Qh4 Kg8 40. Bf6 Bg7 41.
Kf3 Qf8 42. Qf4 Bh6 43. Qg4 Kh7 44. Qh4 a4 45. bxa4 Bxa4 46. Kg2 Bd1 47. hxg6+
fxg6 48. Bg5 Bf3+ 49. Kg1 Qg7 50. Bxh6 Qxh6 51. Qe7+ Qg7 52. Qxd6 Qxb2 53. Qe7+
Kg8 54. Qe8+ Kg7 55. Qe7+ Kg8 56. Qe8+ 1/2-1/2

[Event "Corporation Cup 2014"]
[Site "Izhevsk RUS"]
[Date "2014.07.20"]
[Round "8.5"]
[White "Glukhov, Alexander"]
[Black "Kokarev, Dmitry"]
[Result "0-1"]
[BlackTitle "GM"]
[WhiteElo "2224"]
[BlackElo "2650"]
[WhiteFideId "4178882"]
[BlackFideId "4132181"]
[EventDate "2014.07.12"]

1. e4 c5 2. Nf3 d6 3. d4 cxd4 4. Nxd4 Nf6 5. Nc3 a6 6. Bg5 e6 7. f4 h6 8. Bh4
Qb6 9. a3 Nbd7 10. Bf2 Qc7 11. Qf3 b5 12. f5 e5 13. Nb3 Bb7 14. Be2 Rc8 15. O-O
Be7 16. Rfd1 O-O 17. Qe3 Qb8 18. Bf3 Bd8 19. Rd2 Re8 20. Qa7 Qxa7 21. Bxa7 Bc7
22. Re1 Nb6 23. Bxb6 Bxb6+ 24. Kh1 Rcd8 25. Nc1 Bd4 26. N1e2 Be3 27. Rd3 Bf2 28.
Rf1 Bb6 29. Ng3 Bd4 30. Nge2 Bxc3 31. Nxc3 d5 32. Re1 d4 33. Nd1 Nd7 34. Kg1 Nb6
35. c3 Nc4 36. Re2 a5 37. Rc2 Ba6 38. Be2 Kf8 39. Rf3 Rd6 40. a4 bxa4 41. cxd4
Rxd4 42. Nf2 Bb5 43. Rfc3 Nd6 44. Rc5 Bxe2 45. Rxe2 Rc8 46. Rxc8+ Nxc8 47. Rc2
Nd6 48. Rc5 Nc4 49. Kf1 Ke7 50. Ke1 Kd6 51. Rb5 Kc6 52. Rb8 f6 53. h3 Nd6 54.
Ra8 Nxe4 55. Rxa5 Nxf2 56. Kxf2 Rb4 57. Kf3 Rb3+ 58. Kg4 Rxb2 59. Kh5 Rxg2 60.
h4 Rb2 61. Rxa4 Rb7 0-1

[Event "Corporation Cup 2014"]
[Site "Izhevsk RUS"]
[Date "2014.07.20"]
[Round "8.6"]
[White "Ponkratov, Pavel"]
[Black "Ofitserian, Boris"]
[Result "1-0"]
[WhiteTitle "GM"]
[WhiteElo "2610"]
[BlackElo "2141"]
[WhiteFideId "4157800"]
[BlackFideId "24199443"]
[EventDate "2014.07.12"]

1. d4 Nf6 2. Bg5 c5 3. Bxf6 gxf6 4. d5 Qb6 5. Qc1 Bg7 6. g3 d6 7. Bg2 f5 8. c3
Nd7 9. Na3 Nf6 10. Nh3 Bd7 11. O-O h5 12. Nc4 Qa6 13. Ne3 Ng4 14. Nf4 Bh6 15. h3
Ne5 16. Qc2 Bxf4 17. gxf4 Ng6 18. Nxf5 Rg8 19. Kh1 Bxf5 20. Qxf5 Qxe2 21. Rae1
Qd2 22. Re3 Qxb2 23. Bf3 Qxa2 24. Bxh5 Rd8 25. Bxg6 Rxg6 26. Rfe1 Kf8 27. Rxe7
Rg7 28. Qh5 Qxf2 29. Rxf7+ 1-0

[Event "Corporation Cup 2014"]
[Site "Izhevsk RUS"]
[Date "2014.07.20"]
[Round "8.7"]
[White "Bochkarev, Alexey"]
[Black "Gabrielian, Artur"]
[Result "1/2-1/2"]
[WhiteTitle "FM"]
[BlackTitle "GM"]
[WhiteElo "2302"]
[BlackElo "2558"]
[WhiteFideId "34101516"]
[BlackFideId "4131002"]
[EventDate "2014.07.12"]

1. d4 Nf6 2. Nf3 g6 3. Bg5 Bg7 4. Nbd2 O-O 5. c3 d6 6. e4 c5 7. dxc5 dxc5 8. Be2
Nc6 9. O-O Qc7 10. Qc2 Rd8 11. Rfd1 b6 12. Nf1 Bb7 13. Rxd8+ Rxd8 14. Rd1 Rxd1
15. Bxd1 Ne5 16. N1d2 b5 17. Be2 Nxf3+ 18. Bxf3 c4 19. Be3 Nd7 20. Be2 Nc5 21.
f3 a6 22. Nf1 Qd6 23. Nd2 h5 24. b3 cxb3 25. Nxb3 Ne6 26. c4 Be5 27. g3 bxc4 28.
Qxc4 Qa3 29. Qc2 Qb4 30. Kf2 h4 31. Qc4 hxg3+ 32. hxg3 Qa3 33. f4 Bb8 34. Nd2 g5
35. e5 gxf4 36. gxf4 Qa5 37. Bf3 Ba7 38. Bxa7 Qxd2+ 39. Kg3 Bxf3 40. Kxf3 Qh2
41. Be3 Qh3+ 42. Ke2 Qg2+ 43. Kd1 Qf3+ 44. Kd2 Qg2+ 45. Kc1 Qh3 46. Kd2 a5 47.
a4 Qf3 48. Qc8+ Kg7 49. Qc4 Qg2+ 50. Kc3 Qg3 51. Kd3 Qf3 52. Kd2 Qg2+ 53. Kc3
Qh3 54. Kd2 Qf3 55. Kd3 Qh1 56. Kd2 Qb1 57. Ke2 Qf5 58. Bd2 Qg4+ 59. Kd3 Qd1 60.
Kc3 Qa1+ 61. Kd3 Qd1 62. Kc3 Qb1 63. Be3 Qa1+ 64. Kd2 Qb2+ 65. Kd3 Qg2 66. Kc3
Qh1 67. Kd3 Qf1+ 68. Kc3 Qf3 69. Kd2 Qg2+ 1/2-1/2

[Event "Corporation Cup 2014"]
[Site "Izhevsk RUS"]
[Date "2014.07.20"]
[Round "8.8"]
[White "Prizant, Jaroslav"]
[Black "Mokshanov, Alexey"]
[Result "1/2-1/2"]
[WhiteTitle "IM"]
[BlackTitle "FM"]
[WhiteElo "2523"]
[BlackElo "2440"]
[WhiteFideId "4140664"]
[BlackFideId "24121657"]
[EventDate "2014.07.12"]

1. Nf3 Nf6 2. c4 c6 3. d4 d5 4. g3 e6 5. Bg2 Bb4+ 6. Nc3 dxc4 7. Ne5 Nd5 8. O-O
b5 9. Qc2 Bb7 10. Ne4 Be7 11. b3 cxb3 12. axb3 Nd7 13. Nxd7 Qxd7 14. Nc5 Bxc5
15. Qxc5 Qe7 16. Rxa7 Rxa7 17. Qxa7 O-O 18. Qa1 Ra8 19. Qb2 c5 20. e4 Nb4 21.
Be3 cxd4 22. Bxd4 e5 23. Be3 Ra2 24. Qb1 Qc7 25. Rd1 h6 26. Bd2 Qc2 27. Qxc2
Nxc2 28. b4 Ra3 29. Rc1 Nd4 30. Kf1 Nf3 31. Bxf3 Rxf3 32. Rc5 Bxe4 33. Rxe5 Bd3+
34. Kg2 Rf5 35. Rxf5 Bxf5 36. f3 f6 37. Kf2 Kf7 38. Be3 Bd3 39. Bc5 Bc4 40. Ke3
Ke6 41. Bf8 Ke5 1/2-1/2

[Event "Corporation Cup 2014"]
[Site "Izhevsk RUS"]
[Date "2014.07.20"]
[Round "8.9"]
[White "Demchenko, Anton"]
[Black "Ozolin, Maxim"]
[Result "1/2-1/2"]
[WhiteTitle "GM"]
[BlackTitle "IM"]
[WhiteElo "2619"]
[BlackElo "2396"]
[WhiteFideId "4160258"]
[BlackFideId "4133340"]
[EventDate "2014.07.12"]

1. e4 c5 2. Nf3 e6 3. d4 cxd4 4. Nxd4 a6 5. Bd3 Bc5 6. Nb3 Ba7 7. Qg4 Nf6 8. Qg3
d6 9. Nc3 Nc6 10. Bg5 h6 11. Bd2 Nh5 12. Qf3 Qh4 13. g3 Ne5 14. Qe2 Qg4 15.
O-O-O Qxe2 16. Bxe2 Nf6 17. f4 Neg4 18. Be1 Ke7 19. Rd3 Bd7 20. Bf3 e5 21. Kb1
Bc6 22. Na5 h5 23. Nxc6+ bxc6 24. Nd1 d5 25. Nc3 d4 26. Na4 Nd7 27. c3 Rab8 28.
h3 Ngf6 29. Rh2 c5 30. cxd4 cxd4 31. Rc2 Rhc8 32. Rxc8 Rxc8 33. Rb3 Rb8 34. Bb4+
Ke8 35. Bd6 Rxb3 36. axb3 Bb8 37. Bxb8 Nxb8 38. fxe5 Nfd7 39. Bxh5 Nxe5 40. Nc5
a5 41. Be2 Ke7 42. Bb5 Nbc6 43. Bxc6 Nxc6 44. Kc2 Kd6 45. Nd3 f6 46. h4 Ke6 47.
h5 Kd6 48. Kd2 Ke6 49. Ke2 Kd6 50. Kf2 Ke6 51. Nf4+ Kd6 52. Ke2 Ke5 53. Kf3 Kd6
54. Nd3 Ne5+ 55. Ke2 Nc6 56. Kd2 Ke6 57. Ke2 1/2-1/2

[Event "Corporation Cup 2014"]
[Site "Izhevsk RUS"]
[Date "2014.07.21"]
[Round "9.1"]
[White "Khismatullin, Denis"]
[Black "Zakhartsov, Viacheslav V."]
[Result "1-0"]
[WhiteTitle "GM"]
[BlackTitle "GM"]
[WhiteElo "2680"]
[BlackElo "2544"]
[WhiteFideId "4142578"]
[BlackFideId "4115333"]
[EventDate "2014.07.12"]

1. Nf3 Nf6 2. g3 d5 3. Bg2 c6 4. c4 g6 5. b3 Bg7 6. Bb2 O-O 7. O-O b6 8. d4 Bb7
9. Nc3 Nbd7 10. Qc2 Qc7 11. Rac1 Rac8 12. Rfd1 Rfe8 13. e3 e6 14. Qe2 Qb8 15.
Ne5 Red8 16. Nd3 Re8 17. e4 e5 18. Nxe5 Nxe5 19. dxe5 Nxe4 20. Nxe4 dxe4 21. e6
Rxe6 22. Bxg7 Kxg7 23. Bh3 Re7 24. Bxc8 Qxc8 25. Rd6 Qf5 26. Qe3 c5 27. Rcd1 g5
28. Rd8 f6 29. R1d6 h6 30. a4 Bc8 31. a5 Qe5 32. Rd5 Qc7 33. axb6 axb6 34. h4
Bd7 35. hxg5 Qxd8 36. gxf6+ Kxf6 37. Qxh6+ Kf7 38. Qh7+ Kf6 39. Rd6+ Ke5 40. Qh6 1-0

[Event "Corporation Cup 2014"]
[Site "Izhevsk RUS"]
[Date "2014.07.21"]
[Round "9.2"]
[White "Kokarev, Dmitry"]
[Black "Sjugirov, Sanan"]
[Result "1/2-1/2"]
[WhiteTitle "GM"]
[BlackTitle "GM"]
[WhiteElo "2650"]
[BlackElo "2643"]
[WhiteFideId "4132181"]
[BlackFideId "4189302"]
[EventDate "2014.07.12"]

1. e4 c6 2. d4 d5 3. Nc3 dxe4 4. Nxe4 Nd7 5. Nf3 Ngf6 6. Ng3 e6 7. Bd3 Be7 8.
O-O O-O 9. Qe2 c5 10. Rd1 Qc7 11. c4 Re8 12. dxc5 Bxc5 13. b3 b6 14. Bb2 Bb7 15.
Ne4 Be7 16. Nxf6+ Bxf6 17. Bxf6 Nxf6 18. Qe5 Qe7 19. Nd4 Rad8 20. Nb5 Bc6 21.
Nc3 Rd7 22. Be2 Red8 23. Rxd7 Rxd7 24. Rd1 Rxd1+ 25. Bxd1 h6 26. Qb8+ Kh7 27.
Bc2+ g6 28. Qe5 Ng4 29. Qf4 Nf6 30. Qe5 Ng4 31. Qf4 Nf6 1/2-1/2

[Event "Corporation Cup 2014"]
[Site "Izhevsk RUS"]
[Date "2014.07.21"]
[Round "9.3"]
[White "Artemiev, Vladislav"]
[Black "Ponkratov, Pavel"]
[Result "0-1"]
[WhiteTitle "GM"]
[BlackTitle "GM"]
[WhiteElo "2652"]
[BlackElo "2610"]
[WhiteFideId "24101605"]
[BlackFideId "4157800"]
[EventDate "2014.07.12"]

1. e4 e5 2. Nf3 Nc6 3. Bb5 Nf6 4. Qe2 a6 5. Ba4 Be7 6. c3 b5 7. Bb3 O-O 8. O-O
d6 9. d4 Bg4 10. Rd1 Qc8 11. h3 Bh5 12. Bg5 Rb8 13. a4 h6 14. Bh4 b4 15. Bc4 Na5
16. dxe5 dxe5 17. Nbd2 Nxc4 18. Nxc4 bxc3 19. bxc3 Bxf3 20. Qxf3 Qe6 21. Ne3 g6
22. Rd3 Rfd8 23. Rad1 Rxd3 24. Rxd3 c6 25. Kh2 h5 26. Rd1 Rb3 27. Bxf6 Bxf6 28.
Qe2 Rxc3 29. Qxa6 Bg5 30. a5 Qa2 31. Kg1 Rc5 32. Qb6 Qxa5 33. Qb8+ Kg7 34. Qe8
Qa2 35. Nf1 Bh4 36. Rd2 Qb3 37. Rd7 Rc1 38. Qxe5+ Bf6 39. Qg3 Qxg3 40. fxg3 c5
41. Kf2 Bd4+ 42. Ke2 Rc2+ 43. Kd3 Rxg2 44. Rc7 Kf6 45. Rc6+ Ke7 46. Rc7+ Ke6 47.
Rc8 Kd7 48. Rb8 Rf2 49. Nd2 Be5 50. Rb7+ Kc6 51. Ra7 Bxg3 52. Nc4 Bc7 53. Ne3
Rf3 54. Ke2 Rxh3 55. Nd5 Be5 56. Rxf7 Rg3 57. Re7 Kd6 58. Re8 h4 59. Nb6 Bf4 60.
e5+ Kc6 61. Re6+ Kb5 62. Nd5 h3 63. Rb6+ Kc4 64. Nxf4 h2 65. Kf2 Rg4 66. Ng2
h1=Q 67. Ne3+ Kd4 68. Nxg4 g5 69. Rh6 Qe4 70. Rd6+ Kc3 71. Ne3 Qxe5 72. Rd5 Qf4+
73. Ke2 Kb4 74. Rf5 Qh4 75. Nd5+ Kb5 76. Ne3 g4 77. Rf7 Qh2+ 78. Rf2 g3 79. Rg2
Qh5+ 80. Kd3 Qf3 81. Rb2+ Kc6 82. Rc2 Kd6 83. Rd2 Ke5 84. Rc2 Qe4+ 85. Kd2 Kf4
86. Rc3 Qd4+ 87. Rd3 Qb2+ 88. Kd1 Ke4 89. Rd2 Qb3+ 90. Nc2 Qb1+ 91. Ke2 g2 0-1

[Event "Corporation Cup 2014"]
[Site "Izhevsk RUS"]
[Date "2014.07.21"]
[Round "9.4"]
[White "Goganov, Aleksey"]
[Black "Smirnov, Pavel"]
[Result "1/2-1/2"]
[WhiteTitle "GM"]
[BlackTitle "GM"]
[WhiteElo "2590"]
[BlackElo "2626"]
[WhiteFideId "24109959"]
[BlackFideId "4123425"]
[EventDate "2014.07.12"]

1. c4 e6 2. g3 d5 3. Bg2 Nf6 4. Nf3 dxc4 5. Qa4+ Bd7 6. Qxc4 c5 7. Ne5 Qc8 8.
O-O Nc6 9. Nxd7 Qxd7 10. Nc3 Be7 11. d3 Rc8 12. Qa4 O-O 13. Be3 Rfd8 14. Rfc1 b6
15. Rab1 Nd5 16. Nxd5 exd5 17. a3 Qe6 18. b4 d4 19. Bf4 g5 20. Bd2 Qxe2 21. Bxc6
Qxd2 22. Rd1 Qe2 23. Re1 Qxd3 24. Be4 Qd2 25. Qxa7 Bf6 26. Qxb6 Kg7 27. Rbd1 Qb2
28. bxc5 Qxa3 29. c6 Rb8 30. Qc7 Rbc8 31. Qb7 Rb8 32. Qc7 Rbc8 33. Qb7 Rb8 34.
Qc7 1/2-1/2

[Event "Corporation Cup 2014"]
[Site "Izhevsk RUS"]
[Date "2014.07.21"]
[Round "9.5"]
[White "Ulko, Jaroslav"]
[Black "Shariyazdanov, Andrey"]
[Result "1-0"]
[WhiteTitle "IM"]
[BlackTitle "GM"]
[WhiteElo "2461"]
[BlackElo "2545"]
[WhiteFideId "4116658"]
[BlackFideId "4122747"]
[EventDate "2014.07.12"]

1. d4 Nf6 2. c4 e6 3. Nc3 Bb4 4. e3 O-O 5. Bd3 d5 6. Nf3 c5 7. O-O cxd4 8. exd4
dxc4 9. Bxc4 b6 10. Bg5 Bb7 11. Qe2 Nbd7 12. Rac1 Qb8 13. Ne5 Nxe5 14. dxe5 Bxc3
15. bxc3 Ne4 16. Bf4 Rc8 17. Rfe1 Nc5 18. Qg4 Be4 19. Red1 Qc7 20. h4 Rd8 21.
Rd4 Qb7 22. h5 Bf5 23. Qg5 Rxd4 24. cxd4 h6 25. Qh4 Nd7 26. Bb5 Re8 27. Bc6 Qc8
28. Qg3 Kf8 29. Qa3+ Re7 30. Qd6 Qb8 31. Bxd7 1-0

[Event "Corporation Cup 2014"]
[Site "Izhevsk RUS"]
[Date "2014.07.21"]
[Round "9.6"]
[White "Mokshanov, Alexey"]
[Black "Kryakvin, Dmitry"]
[Result "1-0"]
[WhiteTitle "FM"]
[BlackTitle "GM"]
[WhiteElo "2440"]
[BlackElo "2579"]
[WhiteFideId "24121657"]
[BlackFideId "4153278"]
[EventDate "2014.07.12"]

1. e4 c5 2. Nf3 Nc6 3. Bb5 Na5 4. c3 a6 5. Ba4 b5 6. Bc2 Bb7 7. O-O e6 8. d4
cxd4 9. cxd4 Nf6 10. Re1 Be7 11. Nc3 Rc8 12. a3 d6 13. Bd3 O-O 14. Re2 Re8 15.
Bg5 Nh5 16. Bxe7 Qxe7 17. Re1 g6 18. Ne2 Rc7 19. Rc1 Rec8 20. Rxc7 Rxc7 21. Qb1
e5 22. d5 Bc8 23. h3 Nb3 24. Bc2 Na5 25. Rc1 Kg7 26. Bd3 Nb3 27. Rxc7 Qxc7 28.
Qc2 Qxc2 29. Bxc2 Na5 30. Nd2 Bd7 31. b4 Nb7 32. Nc3 Nf4 33. h4 f5 34. f3 Nh5
35. Bd3 Nf6 36. a4 fxe4 37. fxe4 a5 38. bxa5 b4 39. a6 Nc5 40. a7 bxc3 41. Nb1
Nfxe4 42. Bxe4 Nxe4 43. Na3 Bxa4 44. a8=Q c2 45. Qc8 Nc5 46. Nxc2 Bxc2 47. Qc7+
Kh6 48. Qxd6 1-0

[Event "Corporation Cup 2014"]
[Site "Izhevsk RUS"]
[Date "2014.07.21"]
[Round "9.7"]
[White "Gabrielian, Artur"]
[Black "Balashov, Yuri S"]
[Result "1/2-1/2"]
[WhiteTitle "GM"]
[BlackTitle "GM"]
[WhiteElo "2558"]
[BlackElo "2435"]
[WhiteFideId "4131002"]
[BlackFideId "4100263"]
[EventDate "2014.07.12"]

1. e4 e5 2. Nf3 Nc6 3. Bb5 a6 4. Ba4 Nf6 5. O-O Be7 6. Re1 b5 7. Bb3 d6 8. c3
O-O 9. h3 Nb8 10. d4 Nbd7 11. Nbd2 c5 12. Nf1 Re8 13. Ng3 Bf8 14. Bc2 g6 15. Bg5
h6 16. Be3 cxd4 17. cxd4 exd4 18. Nxd4 Nc5 19. f3 Bb7 20. Qd2 Kh7 21. Bf4 Ng8
22. Rad1 Qf6 23. Nge2 Bg7 24. b4 Nd7 25. Nb3 Rac8 26. Na5 Ba8 27. Bb3 Ne5 28.
Qxd6 Nc4 29. Qxf6 Nxf6 30. Bxc4 bxc4 31. Rc1 c3 32. Rxc3 Rxc3 33. Nxc3 Nh5 34.
Ne2 f5 35. e5 g5 36. Be3 Rxe5 37. Bf2 g4 38. hxg4 fxg4 39. Nc4 Re6 40. fxg4 Nf6
41. Ne3 Nd5 42. Nxd5 Bxd5 43. a3 Bc4 44. Nf4 Rxe1+ 45. Bxe1 Bb5 46. Nd5 Bd4+ 47.
Kh2 Be5+ 48. Kh3 Bb2 49. Nc7 Bxa3 50. Nxb5 axb5 51. Kg3 Bc1 52. Kf3 Kg6 53. Ke4
Kg5 54. Kf3 Kg6 55. Bc3 Kg5 56. Bd4 Bd2 57. Bc5 Kf6 58. Ke2 Bg5 59. Kd3 Ke5 60.
g3 Kd5 61. Bf2 Be7 62. Be1 Bg5 63. Bc3 Be7 64. Bd2 Bg5 65. Bf4 Be7 66. Bd2 Bg5
67. Bf4 Be7 68. Kc3 Bg5 69. Kd3 1/2-1/2

[Event "Corporation Cup 2014"]
[Site "Izhevsk RUS"]
[Date "2014.07.21"]
[Round "9.8"]
[White "Kozionov, Kirill"]
[Black "Prizant, Jaroslav"]
[Result "1/2-1/2"]
[WhiteTitle "FM"]
[BlackTitle "IM"]
[WhiteElo "2393"]
[BlackElo "2523"]
[WhiteFideId "24101729"]
[BlackFideId "4140664"]
[EventDate "2014.07.12"]

1. e4 c5 2. Nf3 e6 3. d4 cxd4 4. Nxd4 a6 5. Be2 Nf6 6. Nc3 d6 7. O-O Be7 8. f4
O-O 9. Kh1 Qc7 10. Qe1 b5 11. Bf3 Bb7 12. e5 Ne8 13. f5 dxe5 14. Bxb7 Qxb7 15.
Qxe5 Bf6 16. Qe3 Bxd4 17. Qxd4 Nc6 18. Qh4 exf5 19. Rxf5 f6 20. Be3 Ne5 21. Bc5
Rf7 22. Raf1 Qd7 23. Ne4 Rc8 24. c3 Qe6 25. Qh3 h6 26. Bd4 Nc4 27. Nc5 Qc6 28.
b3 Ncd6 29. Rh5 Rcc7 30. Qg4 Kh7 31. Ne6 Rcd7 32. Qh3 Kg8 33. Qg4 Qe4 34. Rh4 f5
35. Qxe4 Nxe4 36. Kg1 Nc7 37. Nxc7 Rxc7 38. Rhf4 Nxc3 39. Bxc3 Rxc3 40. Rxf5
Rxf5 41. Rxf5 Rc1+ 42. Rf1 Rxf1+ 43. Kxf1 Kf7 44. b4 Ke6 45. Ke2 Ke5 1/2-1/2

[Event "Corporation Cup 2014"]
[Site "Izhevsk RUS"]
[Date "2014.07.21"]
[Round "9.9"]
[White "Bochkarev, Alexey"]
[Black "Looshnikov, Nikolai"]
[Result "0-1"]
[WhiteTitle "FM"]
[BlackTitle "IM"]
[WhiteElo "2302"]
[BlackElo "2488"]
[WhiteFideId "34101516"]
[BlackFideId "4150104"]
[EventDate "2014.07.12"]

1. d4 Nf6 2. Nf3 g6 3. Bg5 Bg7 4. Nbd2 O-O 5. c3 h6 6. Bh4 d5 7. e3 Bf5 8. Be2
Nbd7 9. O-O c5 10. dxc5 Nxc5 11. Nd4 Bd7 12. Rc1 e5 13. N4f3 Re8 14. b4 Ba4 15.
Qe1 Ncd7 16. c4 d4 17. Bd1 Bxd1 18. Qxd1 a5 19. exd4 axb4 20. dxe5 Nxe5 21. Rc2
Nc6 22. Nb3 Qxd1 23. Rxd1 g5 24. Bg3 Ne4 25. h3 f5 26. Bc7 Nc3 27. Rdd2 Re4 28.
c5 Bf6 29. Kf1 g4 30. Ng1 Bg5 31. f3 Rc4 32. Rd7 Rxa2 33. Rxa2 Nxa2 34. Ne2 gxf3
35. gxf3 Nc1 36. Nexc1 Bxc1 37. Ke2 Bg5 38. f4 Re4+ 39. Kf3 Bf6 40. Na5 Nd4+ 41.
Kg2 b3 42. Be5 b2 43. Rxb7 Re2+ 44. Kg3 Re3+ 45. Kf2 Rf3+ 46. Kg2 Bxe5 47. Rxb2
Rxf4 48. Rb7 Re4 49. Rd7 Re2+ 50. Kf1 Rc2 51. Rd5 Nf3 52. Rd3 Nd2+ 53. Ke1 Ne4
54. Nb3 Nxc5 55. Nxc5 Rxc5 56. Rd7 Rc7 57. Rd5 Re7 58. Kf2 Kf7 59. Kf3 Ke6 60.
Ra5 Rg7 61. Kf2 Bg3+ 62. Ke2 Bd6 63. Ra4 Rg2+ 64. Kf1 Rh2 65. Rh4 Bf8 66. Kg1
Ra2 67. Kf1 Ke5 68. Rc4 Rh2 69. Rc3 Ke4 70. Rc4+ Ke3 71. Kg1 Rd2 72. Rc3+ Rd3
73. Rc8 Bd6 74. Kg2 Rd2+ 75. Kg1 f4 76. Rc3+ Rd3 77. Rc1 f3 78. Kf1 Bg3 79. Rb1
Ra3 80. Rc1 Be5 81. Re1+ Kf4 0-1